The Adventures of Tom Sawyer / (Record no. 7423)
[ view plain ]
| 000 -LEADER | |
|---|---|
| fixed length control field | 01579ckm a22004333a 4500 |
| 001 - CONTROL NUMBER | |
| control field | 14361294 |
| 003 - CONTROL NUMBER IDENTIFIER | |
| control field | OSt |
| 005 - DATE AND TIME OF LATEST TRANSACTION | |
| control field | 20140310181932.0 |
| 007 - PHYSICAL DESCRIPTION FIXED FIELD--GENERAL INFORMATION | |
| fixed length control field | kj|||| |
| 007 - PHYSICAL DESCRIPTION FIXED FIELD--GENERAL INFORMATION | |
| fixed length control field | cr ||||||||||| |
| 008 - FIXED-LENGTH DATA ELEMENTS--GENERAL INFORMATION | |
| fixed length control field | 060502s1876 |||nnn | kn||| |
| 010 ## - LIBRARY OF CONGRESS CONTROL NUMBER | |
| LC control number | 2006681444 |
| 020 ## - INTERNATIONAL STANDARD BOOK NUMBER | |
| International Standard Book Number | 0439099404 |
| 037 ## - SOURCE OF ACQUISITION | |
| Stock number | LC-USZ62-52597 |
| Source of stock number/acquisition | DLC |
| Terms of availability | (b&w film copy neg.) |
| 040 ## - CATALOGING SOURCE | |
| Original cataloging agency | DLC |
| Transcribing agency | DLC |
| 050 00 - LIBRARY OF CONGRESS CALL NUMBER | |
| Classification number | PS 1906 |
| Item number | .T969 1976 |
| 082 ## - DEWEY DECIMAL CLASSIFICATION NUMBER | |
| Classification number | CLA |
| Item number | .T91 1966 |
| 100 ## - MAIN ENTRY--PERSONAL NAME | |
| Personal name | Mark Twain |
| 9 (RLIN) | 2913 |
| 245 05 - TITLE STATEMENT | |
| Title | The Adventures of Tom Sawyer / |
| Statement of responsibility, etc | Mark Twain |
| 260 ## - PUBLICATION, DISTRIBUTION, ETC. (IMPRINT) | |
| Date of publication, distribution, etc | 1976 |
| Place of publication, distribution, etc | Toronto |
| Name of publisher, distributor, etc | Bantam Books |
| 300 ## - PHYSICAL DESCRIPTION | |
| Extent | 249 p. |
| Dimensions | 18 cm. |
| 500 ## - GENERAL NOTE | |
| General note | Illus. in: Mark Twain, The Adventures of Tom Sawyer, 1876. |
| 500 ## - GENERAL NOTE | |
| General note | Reference copy may be in LOT 4433-B. |
| 500 ## - GENERAL NOTE | |
| General note | This record contains unverified, old data from caption card. |
| 540 ## - TERMS GOVERNING USE AND REPRODUCTION NOTE | |
| Terms governing use and reproduction | Rights status not evaluated. For general information see "Copyright and Other Restrictions ...," |
| Uniform Resource Identifier | <a href="http://www.loc.gov/rr/print/195_copr.html">http://www.loc.gov/rr/print/195_copr.html</a> |
| 541 ## - IMMEDIATE SOURCE OF ACQUISITION NOTE | |
| -- | 1 |
| 541 ## - IMMEDIATE SOURCE OF ACQUISITION NOTE | |
| -- | 2 |
| 541 ## - IMMEDIATE SOURCE OF ACQUISITION NOTE | |
| -- | 5 |
| 541 ## - IMMEDIATE SOURCE OF ACQUISITION NOTE | |
| -- | 3 |
| 541 ## - IMMEDIATE SOURCE OF ACQUISITION NOTE | |
| -- | 4 |
| 541 ## - IMMEDIATE SOURCE OF ACQUISITION NOTE | |
| -- | 6 |
| 541 ## - IMMEDIATE SOURCE OF ACQUISITION NOTE | |
| -- | 7 |
| 562 ## - COPY AND VERSION IDENTIFICATION NOTE | |
| Number of copies | 2 |
| 590 ## - LOCAL NOTE (RLIN) | |
| Local note | Caption card tracings: Rare Bk. Div.; Fictional char.; PI--Works; Shelf. Sources checked: OCat. No illustrator given. |
| 856 41 - ELECTRONIC LOCATION AND ACCESS | |
| Materials specified | digital file from b&w film copy neg. |
| Path | cph |
| Electronic name | 3b00576 |
| Electronic format type | p |
| Uniform Resource Identifier | <a href="http://hdl.loc.gov/loc.pnp/cph.3b00576">http://hdl.loc.gov/loc.pnp/cph.3b00576</a> |
| 906 ## - LOCAL DATA ELEMENT F, LDF (RLIN) | |
| a | 0 |
| b | cbc |
| c | orignew |
| d | u |
| e | ncip |
| f | 20 |
| g | y-printpho |
| 942 ## - ADDED ENTRY ELEMENTS (KOHA) | |
| Source of classification or shelving scheme | Library of Congress Classification |
| Koha item type | |
| Call number prefix | |
| Withdrawn status | Lost status | Source of classification or shelving scheme | Damaged status | Home library | Current library | Shelving location | Date acquired | Total Checkouts | Full call number | Barcode | Date last seen | Copy number | Price effective from | Koha item type |
|---|---|---|---|---|---|---|---|---|---|---|---|---|---|---|
| Library of Congress Classification | Luxembourg Library | Luxembourg Library | Classic Section | 07/23/2013 | PS 1906 .T969 1966 | 2736 | 08/13/2013 | 1 | 10/03/2013 | Books | ||||
| Library of Congress Classification | Luxembourg Library | Luxembourg Library | Classic Section | 07/23/2013 | PS 1906 .T969 1980 | 3953 | 08/13/2013 | 1 | 10/03/2013 | Books | ||||
| Library of Congress Classification | Luxembourg Library | Luxembourg Library | Classic Section | 07/23/2013 | PS 1906 .T969 1996 | 9593 | 03/09/2016 | 1 | 10/03/2013 | Books | ||||
| Library of Congress Classification | Luxembourg Library | Luxembourg Library | Classic Section | 07/23/2013 | PS 1906 .T969 1976 | 5095 | 08/13/2013 | 1 | 07/23/2013 | Books | ||||
| Library of Congress Classification | Luxembourg Library | Luxembourg Library | Classic Section | 07/23/2013 | PS 1906 .T969 1981 | 10479 | 08/13/2013 | 1 | 10/03/2013 | Books | ||||
| Library of Congress Classification | Luxembourg Library | Luxembourg Library | Classic Section | 07/23/2013 | PS 1906 .T969 1980 | 10521 | 08/13/2013 | 1 | 10/03/2013 | Books |